00514nam a2200157Ia 4500008004100000020005500041040000800096082001600104100001900120245003800139260000900177264003500186942001300221952010500234999001700339231129s1994||||xx |||||||||||||| ||spa|| a959-04-0029-9  bspa aCu861 B879g aBethel Marion 0aGuanahani mi amor y otros poemas c1994 aEdiciones Casa de las Americas 2ddccBKS 00102ddc4070aBRCbBRCd2009-07-09l0oCu861 B879gp20228r2023-11-29 21:14:23t1w2023-11-29yBK c14674d14674